01133nam a22002417a 450000500170000002000320001704000340004908200150008310000220009824501000012025000120022026000490023230000260028144000180030750000270032550400500035250501790040252002310058154600090081265000430082165000080086465000190087220251006100329.0 a9780421893801cTZS 43,000/= aMCCLbeng.eAACR 2nd rev. ed. a340.07 HOW a Bradney, Anthony a How to study lawc/ Anthony Bradney, Fiona Cownie, Judith Masson, Alan Neal and David Newell  a5th ed. aLondon :bThomson/Sweet & Maxwell, cc2005. a x, 260 p. ; c24 cm. a Legal skills aPrevious edition: 2000 aIncludes bibliographical references and index aSources of the Law Divisions of Law Law in Action/Law in Books Finding Cases and Statutes Reading Cases Statutes Reading Research Materials Study Skills Exercises Where Next? aThis concise work will demonstrate how to find, read and analyse a variety of legal materials - cases, statutes, articles and textbooks. It provides general study tips and a series of work-through question and answer exercises aeng. aLaw--Study and teachingzGreat Britain aLaw aLegal research